Nakladanie s odpadmi - riešenie a výsledky v krajinách EU bakalárska práca

Gespeichert in:
Bibliographische Detailangaben
1. Verfasser: Kyseľ, Marcel
Körperschaft: Podnikovohospodárska fakulta EU so sídlom v Košiciach. Katedra marketingu a obchodu
Weitere Verfasser: Urblíková, Daniela
Format: Buch
Sprache:Slowakisch
Veröffentlicht: Košice 2010
Tags: Tag hinzufügen
Keine Tags, Fügen Sie das erste Tag hinzu!

MARC

LEADER 00000nbm a2200000 4500
001 0132631
005 20161109111432.0
041 0 |a slo 
044 |a SK 
245 1 0 |a Nakladanie s odpadmi - riešenie a výsledky v krajinách EU  |b bakalárska práca  |c Marcel Kyseľ ; školiteľ: Daniela Urblíková 
264 1 |a Košice  |c 2010 
300 |a 45 s. 
100 1 |a Kyseľ, Marcel 
700 1 |a Urblíková, Daniela 
710 2 |a Podnikovohospodárska fakulta EU so sídlom v Košiciach. Katedra marketingu a obchodu